00573nam a22001457a 450000500170000000800410001702000280005804100130008608200130009910000270011224501010013926000580024030000320029865000970033020240118081649.0240118b |||||||| |||| 00| 0 eng d a0409003301 ; 0409003506 aEnglish  a349 JOU  aJoubert, WA lEnglish  aThe Law of South Africa : Expropriation to Group Areas and Community Development / cWA Joubert  aDurban : bButterworth and Company (Pty) Ltd, c1980  bviii, 540 pages ; c26 cm.  aLegal practice bLaw